Earth and Atmospheric Disasters Management (Record no. 209739)

MARC details
000 -LEADER
fixed length control field 00641nam a22001937a 4500
005 - DATE AND TIME OF LATEST TRANSACTION
control field 20250225125227.0
010 ## - LCCN (DPL NO)
LC control number ENG-143925
020 ## - INTERNATIONAL STANDARD BOOK NUMBER
International Standard Book Number 9789388305426
Terms of availability 421.00
035 ## - SYSTEM CONTROL NUMBER
System control number EN-127457
037 ## - SOURCE OF ACQUISITION
Source of stock number/acquisition DBAD/PUB
082 ## - DEWEY DECIMAL CLASSIFICATION NUMBER
Classification number 363.34
Edition number 2
100 ## - MAIN ENTRY--PERSONAL NAME
Personal name Pandharinath Navale
245 ## - TITLE STATEMENT
Title Earth and Atmospheric Disasters Management
Statement of responsibility, etc Navale Pandharinath
Remainder of title Natural and Man-made
Medium English
260 ## - PUBLICATION, DISTRIBUTION, ETC. (IMPRINT)
Place of publication, distribution, etc Hyderabad
Name of publisher, distributor, etc B.S Publications
Date of publication, distribution, etc 2019
270 ## - ADDRESS
Address 4-4-309/316 ,Giriraj Lane ,Sultan Bazar
City Hyderabad
Postal code 500095
300 ## - PHYSICAL DESCRIPTION
Extent 473p
Dimensions 24cm(pbk)
700 ## - ADDED ENTRY--PERSONAL NAME
Personal name Snorrason, Gylfi K.
9 (RLIN) 78655
942 ## - ADDED ENTRY ELEMENTS (KOHA)
Source of classification or shelving scheme Dewey Decimal Classification
Item type English Books
Classification part 363.34
Call number suffix PAN
Holdings
Withdrawn status Lost status Not for loan Collection code Home library Current library Date acquired Source of acquisition Cost, normal purchase price Full call number Barcode Cost, replacement price Koha item type
      Non-fiction Central Library Central Library 25/02/2025 DBAD 421.00 363.34 PAN EN-127457 421.00 English Books

© Delhi Public Library
Hit Counter
free hit counter